Escuelas y profesores ¿hacia una reconversión de los centros y la función docente? /

Guardado en:
Autor Principal: Escudero Muñoz, Juan Manuel
Otros Autores: González González, María Teresa
Formato: Libro
Publicado: Buenos Aires : Pedagógicas, 1999
Materias:
Etiquetas: Agregar Etiqueta
Sin Etiquetas, Sea el primero en etiquetar este registro!
LEADER 00708nam a22001935a 4500
001 EHU.bham044249
003 AR-BHAM
005 20160920124405.0
008 130507s1999##################000#0#####d
020 |a 8441100039 
082 3 7 |a 370.71 
100 1 |a Escudero Muñoz, Juan Manuel 
245 1 0 |a Escuelas y profesores ¿hacia una reconversión de los centros y la función docente? /  |c  Juan Manuel Escudero Muñoz, María Teresa González González 
260 |a Buenos Aires :  |b Pedagógicas,  |c 1999 
300 |a 282 p. 
653 |a Educación española 
653 |a Formación docente española 
700 1 |a González González, María Teresa 
859 |a AR-BHAM  |b BIB. HUMANIDADES - General  |h 370.71  |i Es19  |p 579.16  |t Ej.1